000 00244nam a2200097Ia 4500
008 230915s9999 xx 000 0 und d
050 _aS936 .H56 1980
100 _aHINCKLEY ALDEN D.
245 0 _aRENEWABLE RESOURCES IN OUR FUTURE
942 _cBK
999 _c201647
_d201647